| 000 | 00838nam a2200313 a 4500 | ||
|---|---|---|---|
| 003 | AR-BaBNM | ||
| 005 | 20251128210817.0 | ||
| 008 | 082120s2002 ||||||||||||||000 | spa|| | ||
| 020 | _a950-765-071-7 | ||
| 040 | _cAR-BaBNM | ||
| 100 | 1 | _aGardner, Martín | |
| 245 | 0 | 0 | _aCiencia mágica |
| 260 |
_aBuenos Aires _bEdiciones de mente _bJuegos _c1998 |
||
| 300 |
_a92 p. _bil. |
||
| 490 | 0 |
_aMagia de mente _vv. 2 |
|
| 650 | 4 | _aMAGIA | |
| 650 | 4 | _aACTIVIDADES RECREATIVAS | |
| 650 | 4 | _aJUEGO | |
| 650 | 4 | _aJUEGOS EDUCATIVOS | |
| 650 | 4 | _aEXPERIMENTOS CIENTIFICOS | |
| 650 | 4 | _aFISICA | |
| 650 | 4 | _aQUIMICA | |
| 653 | _aENSEÑANZA DE LAS CIENCIAS NATURALES | ||
| 700 | 1 |
_aJorgenson, Tom _eilustrador |
|
| 800 | 1 |
_aPoniachik, Jaime _edirector |
|
| 800 | 1 |
_aSamoilovich, Daniel _edirector |
|
| 942 | _cBK | ||
| 998 | _cRAQUEL | ||
| 999 |
_c17017 _d17017 |
||